01057nab a22002417a 4500999001500000003000400015005001700019008004100036040000700077100003100084245007200115260007200187300001300259500003900272505014900311505008900460650002600549650003000575650001800605650003600623773014300659942001300802 c5910d5910OSt20260110020400.0190605e xxu||||| |||| 00| 0 spa d cPJ 96638aPanozzo, Octavio R. 10aHacia una nueva indemnización por despido /cOctavio R. Panozzo.  aCiudad Autónoma de Buenos Aires :bThomson Reuters La Ley,c2023. ap. 57-60 aCita: TR LALEY AR/DOC/2537/2023.  a Sumario: I. Introducción.— II. El contrato laboral y la sanción por su incumplimiento.— III. La indemnización por despido incausado.  t¿Te interesa el texto completo? Solicitalo al correo: koha@justierradelfuego.gov.ar 091316aDERECHO LABORAL 091323aCONTRATO DE TRABAJO 091533aDESPIDO 091534aINDEMNIZACION POR DESPIDO0 0271193168dCiudad Autónoma de Buenos Aires : Thomson Reuters La Ley, 1999-2002.tRevista de derecho del trabajo. Nº 6 - Noviembre 2023 2udccANA